006220000a22001450004500008004100000082001700041110004400058245016900102260006100271300001900332650001100351942000700362952009200369999001500461230817t ||||| |||| 00| 0 eng d a347.009bINT aInternational Centre for Ethnic Studies aThe judiciary in plural societies:b reports on two international workshops held in Suraj Kund, India on 13-15 August, 1983 and Eldoret, Kenya on 1-4 February, 1985 aColombo:bInternational Centre for Ethnic Studies,c1985 a 27 p. ; 21 cm aCOURTS cRP 00104070aMAINbMAINd2023-08-17l0o347.009 INTpRAF3690r2023-08-17w2023-08-17yRP c2684d2684